LIBRARY & INFORMATION CENTRE, KCAET, TAVANUR

ONLINE PUBLIC ACCESS CATALOGUE (OPAC)

Fundamentals of Agricultural statistics (Record no. 13723)

MARC details
000 -LEADER
fixed length control field 00322nam a22001337a 4500
020 ## - INTERNATIONAL STANDARD BOOK NUMBER
ISBN 9788172335618
082 ## - DEWEY DECIMAL CLASSIFICATION NUMBER
Classification number 630.51
Item number DHA/FU
100 ## - MAIN ENTRY--AUTHOR NAME
Personal name Dhamu, K.P
245 ## - TITLE STATEMENT
Title Fundamentals of Agricultural statistics
260 ## - PUBLICATION, DISTRIBUTION, ETC. (IMPRINT)
Place of publication Jodhpur
Name of publisher Scientific Publishers
Year of publication 2009
300 ## - PHYSICAL DESCRIPTION
Number of Pages 130
700 ## - ADDED ENTRY--PERSONAL NAME
Personal name Ramamoorthy, K
942 ## - ADDED ENTRY ELEMENTS (KOHA)
Koha item type Books
Holdings
Withdrawn status Lost status Damaged status Collection code Home library Current library Shelving location Date acquired Source of acquisition Cost, normal purchase price Full call number Accession Number Koha item type
      Non-fiction KAUAET KAUAET General Stacks 31/03/2012 Penta Book Distributors, Calicut 350.00 630.51 DHA/FU 22855 Books
free website counter